| 000 | 00609nam a2200217Ia 4500 | ||
|---|---|---|---|
| 003 | OSt | ||
| 005 | 20250712093255.0 | ||
| 008 | 210210b1998 xxu||||| |||| 00| 0 eng d | ||
| 040 | _cAL | ||
| 041 | _aKannada | ||
| 082 | _a301K SHAS | ||
| 100 |
_aSHANKAR RAV (Cha Na). _9162744 _dಶಂಕರ್ ರಾವ್ (ಚ ನ) |
||
| 245 |
_aSamajashastra. _b ಸಮಾಜ ಶಾಸ್ತ್ರ |
||
| 260 |
_aMangaluru _bJai Bharat prakashana _c1998 |
||
| 300 | _axxiv,332,16... | ||
| 440 |
_a1 _9162745 |
||
| 650 |
_aSamajashastra _9162746 |
||
| 690 |
_aSociology _9162747 |
||
| 906 | _a055715 | ||
| 942 |
_2ddc _cBK |
||
| 999 |
_c103414 _d103414 |
||